=LDR 00000nam 2200000 4500 =001 INLIS000000000036935 =005 20130612142706 =008 ***********************************Ind** =035 ##$$0010-061300000036935 =041 ##$$a Ind =082 ##$$a 373.2 =090 ##$$a 373.2, Kun a =100 ##$$a Kuncoro, Estu =245 ##$$a Asah otak 2 untuk anak usia 4-7 tahun, Estu Koncoro ; penyunting, Elisa Dwi Ratna =260 ##$$a 2007 $b Jakarta =300 ##$$a 75 hlm, ilus, 29 cm =650 ##$$a Pendidikan dasar =700 ##$$a Ratna Elisa Dwi =850 ##$$a NBPNMAT